| 000 | 01575cam a22004094a 4500 | ||
|---|---|---|---|
| 001 | 14131168 | ||
| 003 | OSt | ||
| 005 | 20210417110036.0 | ||
| 008 | 051004s2006 nyu b 000 0 eng | ||
| 010 | _a 2005029015 | ||
| 020 | _a0071452990 (alk. paper) | ||
| 040 |
_aDLC _cDLC _dDLC |
||
| 042 | _apcc | ||
| 043 | _an-us--- | ||
| 050 | 0 | 0 |
_aHF1131 _b.B543 2006 |
| 080 |
_a65 _bB-69 |
||
| 082 | 0 | 0 |
_a808/.06665 _222 |
| 100 | 1 |
_aBodine, Paul, _d1959- |
|
| 245 | 1 | 0 |
_aGreat application essays for business school / _cPaul Bodine. |
| 260 |
_aNew York : _bMcGraw-Hill, _cc2006. |
||
| 300 |
_ax, 179 p. ; _c24 cm. |
||
| 365 | _b11.95 usd | ||
| 504 | _aIncludes bibliographical references (p. 178-179). | ||
| 650 | 0 |
_aBusiness schools _zUnited States _xAdmission. |
|
| 650 | 0 | _aExposition (Rhetoric) | |
| 650 | 0 |
_aCollege applications _zUnited States. |
|
| 650 | 0 | _aBusiness writing. | |
| 653 | _aგანათლება | ||
| 653 | _aბიზნესი | ||
| 653 | _aაკადემიური წერა | ||
| 856 | 4 | 1 |
_3Table of contents only _uhttp://www.loc.gov/catdir/toc/ecip061/2005029015.html |
| 856 | 4 | 2 |
_3Contributor biographical information _uhttp://www.loc.gov/catdir/enhancements/fy0623/2005029015-b.html |
| 856 | 4 | 2 |
_3Publisher description _uhttp://www.loc.gov/catdir/enhancements/fy0623/2005029015-d.html |
| 906 |
_a7 _bcbc _corignew _d1 _eecip _f20 _gy-gencatlg |
||
| 942 |
_2udc _cBK |
||
| 999 |
_c187 _d187 |
||